000 03149cam a22005417a 4500
003 CHAP
005 20220329140947.0
008 971013s1995 r 00010 d
010 _a60484
011 _a61456
035 _a65621
040 _cCHAP
082 _a338.972
_bI59 1995 Ags.
110 _aInstituto Nacional de Estadística, Geografía e Informática. México
_959304
245 0 _aCuaderno estadístico municipal
_b: Aguascalientes
260 _aAguascalientes, Ags. :
_bINEGI,
_c1995
300 _av.
500 _aLa biblioteca tiene : v.1 Aguascalientes.--v.2 Asientos.--v.3 Calvillo.--v.4 El Llano.--v.5 Jesús María.--v.6 Pabellón de Arteaga.--v.7 Rincón de Romos.--v.8 San Francisco de Los Romo
590 _aBATCH-UPD
_b10
_c20130110
_lUCH01
_h1450
590 _aBATCH-UPD
_b10
_c20130410
_lUCH01
_h0917
590 _aBATCH-UPD
_b10
_c20130914
_lUCH01
_h0340
590 _aBATCH-UPD
_b10
_c20130914
_lUCH01
_h2119
590 _aCONVERSION
_b10
_c20130109
_lUCH01
_h1332
650 1 4 _aAgricultura
_xEstadisticas
_zAguascalientes.
_91444
650 1 4 _aAguascalientes
_xCondiciones economicas.
_92594
650 1 4 _aAguascalientes
_xCondiciones sociales.
_92596
650 1 4 _aAguascalientes
_xEstadísticas.
_92600
650 1 4 _aGanadería
_xEstadísticas
_zAguascalientes.
_944703
650 1 4 _aMéxico
_xMunicipios.
_976781
901 _aBK
942 _cLIBRO
949 _a338.972 I59 1995 Ags.
_bBC
_cINEGI
_d33724000090098
_eINEGI
_fv.8 c.2
_gI. c/e
_h90838
_i65621
_si
_t20.00
949 _a338.972 I59 1995 Ags.
_bBC
_cINEGI
_d33724000090106
_eINEGI
_fv.8
_gI. c/e
_h90837
_i65621
_si
_t20.00
949 _a338.972 I59 1995 Ags.
_bBC
_cINEGI
_d33724000090114
_eINEGI
_fv.7 v.2
_gI. c/e
_h90836
_i65621
_si
_t20.00
949 _a338.972 I59 1995 Ags.
_bBC
_cINEGI
_d33724000090122
_eINEGI
_fv.7
_gI. c/e
_h90835
_i65621
_si
_t20.00
949 _a338.972 I59 1995 Ags.
_bBC
_cINEGI
_d33724000090130
_eINEGI
_fv.6 c.2
_gI. c/e
_h90834
_i65621
_si
_t20.00
949 _a338.972 I59 1995 Ags.
_bBC
_cINEGI
_d33724000090148
_eINEGI
_fv.6
_gI. c/e
_h90833
_i65621
_si
_t20.00
949 _a338.972 I59 1995 Ags.
_bBC
_cINEGI
_d33724000090155
_eINEGI
_fv.5
_gI. c/e
_h90831
_i65621
_si
_t20.00
949 _a338.972 I59 1995 Ags.
_bBC
_cINEGI
_d33724000191946
_eINEGI
_fv.5 c.2
_gI. c/e
_h90832
_i65621
_si
_t20.00
949 _a338.972 I59 1995 Ags.
_bBC
_cINEGI
_d33724000191953
_eINEGI
_fv.4 c.2
_gI. c/e
_h90830
_i65621
_si
_t20.00
949 _a338.972 I59 1995 Ags.
_bBC
_cINEGI
_d33724000191961
_eINEGI
_fv.4
_gI. c/e
_h90829
_i65621
_si
_t20.00
949 _a338.972 I59 1995 Ags.
_bBC
_cINEGI
_d33724000191979
_eINEGI
_fv.3 c.2
_gI. c/e
_h90828
_i65621
_si
_t20.00
949 _a338.972 I59 1995 Ags.
_bBC
_cINEGI
_d33724000191987
_eINEGI
_fv.3
_gI. c/e
_h90827
_i65621
_si
_t20.00
949 _a338.972 I59 1995 Ags.
_bBC
_cINEGI
_d33724000191995
_eINEGI
_fv.2 c.2
_gI. c/e
_h90826
_i65621
_si
_t20.00
949 _a338.972 I59 1995 Ags.
_bBC
_cINEGI
_d33724000192001
_eINEGI
_fv.2
_gI. c/e
_h90825
_i65621
_si
_t20.00
949 _a338.972 I59 1995 Ags.
_bBC
_cINEGI
_d33724000192019
_eINEGI
_fv.1
_gI. c/e
_h90823
_i65621
_si
_t20.00
949 _a338.972 I59 1995 Ags.
_bBC
_cINEGI
_d33724000192027
_eINEGI
_fv.1 c.2
_gI. c/e
_h90824
_i65621
_si
_t20.00
999 _c60484
_d60484